[Event "Greek Team Championship"]
[Site "chess24.com"]
[Date "2017.07.08"]
[Round "7"]
[White "Vasileiou, Ioannis"]
[Black "Vasiliadis, Anastasios"]
[Result "0-1"]
[Board "4"]
[WhiteElo "1639"]
[WhiteCountry "GRE"]
[WhiteFideId "4256344"]
[WhiteEloChange "-3"]
[BlackElo "1972"]
[BlackCountry "GRE"]
[BlackFideId "4251083"]
[BlackEloChange "3"]

1. c4 {[%clk 1:30:57]} e5 {[%clk 1:30:53]} 2. Nc3 {[%clk 1:31:13]} Nc6 {[%clk
1:31:19]} 3. g3 {[%clk 1:31:18]} g6 {[%clk 1:31:42]} 4. Bg2 {[%clk 1:31:38]} Bg7
{[%clk 1:32:08]} 5. Nf3 {[%clk 1:31:35]} Nge7 {[%clk 1:32:34]} 6. O-O {[%clk
1:29:25]} O-O {[%clk 1:33:00]} 7. e4 {[%clk 1:25:48]} d6 {[%clk 1:33:23]} 8. h3
{[%clk 1:24:42]} h6 {[%clk 1:31:51]} 9. a3 {[%clk 1:23:24]} a5 {[%clk 1:32:07]}
10. Rb1 {[%clk 1:23:28]} Be6 {[%clk 1:32:28]} 11. d3 {[%clk 1:22:52]} Qc8 {[%clk
1:27:18]} 12. Kh2 {[%clk 1:22:22]} Qd7 {[%clk 1:22:10]} 13. b4 {[%clk 1:16:53]}
axb4 {[%clk 1:22:38]} 14. axb4 {[%clk 1:17:13]} b6 {[%clk 1:17:29]} 15. Nd5
{[%clk 1:12:16]} Bxd5 {[%clk 1:11:08]} 16. cxd5 {[%clk 1:10:56]} Nd4 {[%clk
1:10:56]} 17. Nxd4 {[%clk 1:10:44]} exd4 {[%clk 1:11:25]} 18. b5 {[%clk 1:10:46]}
Ra5 {[%clk 1:10:25]} 19. Qb3 {[%clk 1:10:11]} Rfa8 {[%clk 1:09:38]} 20. Rd1
{[%clk 1:03:03]} Nc8 {[%clk 1:08:06]} 21. Bd2 {[%clk 1:01:12]} Ra2 {[%clk
0:59:06]} 22. Qc4 {[%clk 0:57:13]} Ne7 {[%clk 0:58:10]} 23. Be1 {[%clk 0:56:39]}
Kh7 {[%clk 0:52:31]} 24. Rdc1 {[%clk 0:55:55]} R8a7 {[%clk 0:51:04]} 25. Rc2
{[%clk 0:48:40]} R2a4 {[%clk 0:48:18]} 26. Rb4 {[%clk 0:47:59]} Ra1 {[%clk
0:43:33]} 27. Bd2 {[%clk 0:46:47]} R1a3 {[%clk 0:35:13]} 28. Bc1 {[%clk 0:41:47]}
R3a5 {[%clk 0:35:32]} 29. Bb2 {[%clk 0:41:06]} Ra2 {[%clk 0:33:45]} 30. Qb3
{[%clk 0:37:50]} R7a5 {[%clk 0:28:56]} 31. Rcc4 {[%clk 0:33:59]} Nc8 {[%clk
0:24:19]} 32. Qc2 {[%clk 0:32:08]} Ra7 {[%clk 0:20:08]} 33. h4 {[%clk 0:31:13]}
Ne7 {[%clk 0:19:53]} 34. Bh3 {[%clk 0:29:01]} Qd8 {[%clk 0:19:26]} 35. Ra4 {[%clk
0:28:45]} R2xa4 {[%clk 0:12:41]} 36. Rxa4 {[%clk 0:29:00]} Ra5 {[%clk 0:12:59]}
37. Rxa5 {[%clk 0:28:42]} bxa5 {[%clk 0:13:28]} 38. Qa4 {[%clk 0:28:45]} Qa8
{[%clk 0:13:30]} 39. Bxd4 {[%clk 0:58:42]} Bxd4 {[%clk 0:43:16]} 40. Qxd4 {[%clk
0:59:05]} a4 {[%clk 0:43:42]} 41. Qf6 {[%clk 0:56:45]} Qe8 {[%clk 0:44:03]} 42.
Qc3 {[%clk 0:51:55]} Qb8 {[%clk 0:42:39]} 43. Bd7 {[%clk 0:48:06]} Ng8 {[%clk
0:41:24]} 44. Kg2 {[%clk 0:45:26]} Qa7 {[%clk 0:38:44]} 45. Qa3 {[%clk 0:42:28]}
Qd4 {[%clk 0:37:42]} 46. Bg4 {[%clk 0:41:47]} Nf6 {[%clk 0:37:53]} 47. Be2 {[%clk
0:41:29]} Nd7 {[%clk 0:37:23]} 48. Qc1 {[%clk 0:38:48]} Nc5 {[%clk 0:37:32]} 49.
Qf4 {[%clk 0:37:22]} Kg7 {[%clk 0:37:48]} 50. b6 {[%clk 0:37:11]} cxb6 {[%clk
0:38:12]} 51. Qxd6 {[%clk 0:37:33]} a3 {[%clk 0:38:35]} 52. e5 {[%clk 0:37:17]}
a2 {[%clk 0:37:45]} 53. Qf6+ {[%clk 0:37:31]} Kg8 {[%clk 0:37:58]} 54. Qd8+
{[%clk 0:34:52]} Kh7 {[%clk 0:36:38]} 55. e6 {[%clk 0:27:50]} Nxe6 {[%clk
0:36:39]} 0-1

[Event "Greek Team Championship"]
[Site "chess24.com"]
[Date "2017.07.08"]
[Round "7"]
[White "Milliet, Sophie"]
[Black "Juhasz, Barbara"]
[Result "1-0"]
[Board "5"]
[WhiteElo "2366"]
[WhiteTitle "IM"]
[WhiteCountry "FRA"]
[WhiteFideId "623725"]
[WhiteEloChange "6"]
[BlackElo "2214"]
[BlackTitle "WFM"]
[BlackCountry "HUN"]
[BlackFideId "743585"]
[BlackEloChange "-6"]

1. e4 {[%clk 1:30:57]} c5 {[%clk 1:30:48]} 2. Nf3 {[%clk 1:31:22]} e6 {[%clk
1:31:07]} 3. c3 {[%clk 1:31:34]} Nf6 {[%clk 1:22:24]} 4. e5 {[%clk 1:32:00]} Nd5
{[%clk 1:22:50]} 5. d4 {[%clk 1:32:27]} cxd4 {[%clk 1:23:01]} 6. cxd4 {[%clk
1:32:53]} d6 {[%clk 1:23:25]} 7. Bc4 {[%clk 1:32:57]} dxe5 {[%clk 1:07:58]} 8.
dxe5 {[%clk 1:33:22]} Bb4+ {[%clk 1:08:19]} 9. Bd2 {[%clk 1:31:38]} Be7 {[%clk
1:02:07]} 10. O-O {[%clk 1:29:46]} b6 {[%clk 1:00:47]} 11. Qe2 {[%clk 1:12:08]}
Bb7 {[%clk 0:58:00]} 12. Qe4 {[%clk 1:12:28]} O-O {[%clk 0:51:25]} 13. Bd3 {[%clk
1:12:36]} g6 {[%clk 0:51:51]} 14. Bh6 {[%clk 1:12:49]} Re8 {[%clk 0:52:16]} 15.
Nbd2 {[%clk 1:04:32]} Ba6 {[%clk 0:45:14]} 16. Bc4 {[%clk 0:50:20]} Bxc4 {[%clk
0:33:17]} 17. Nxc4 {[%clk 0:50:49]} Nd7 {[%clk 0:33:41]} 18. Rad1 {[%clk
0:48:54]} Rc8 {[%clk 0:28:36]} 19. Ne3 {[%clk 0:47:59]} Nxe3 {[%clk 0:26:51]} 20.
fxe3 {[%clk 0:48:08]} Qc7 {[%clk 0:26:49]} 21. Qf4 {[%clk 0:47:57]} f5 {[%clk
0:16:27]} 22. exf6 {[%clk 0:46:39]} Qxf4 {[%clk 0:16:45]} 23. exf4 {[%clk
0:42:28]} Nxf6 {[%clk 0:17:10]} 24. h3 {[%clk 0:40:17]} Nd5 {[%clk 0:08:09]} 25.
Rfe1 {[%clk 0:31:50]} Bc5+ {[%clk 0:08:32]} 26. Kh2 {[%clk 0:32:14]} Bd6 {[%clk
0:08:26]} 27. Rd4 {[%clk 0:24:42]} Bf8 {[%clk 0:05:14]} 28. Bxf8 {[%clk 0:24:05]}
Rxf8 {[%clk 0:05:40]} 29. Rxe6 {[%clk 0:20:32]} Nxf4 {[%clk 0:05:47]} 30. Ree4
{[%clk 0:20:59]} Nh5 {[%clk 0:05:24]} 31. Re7 {[%clk 0:20:29]} Rc2 {[%clk
0:02:07]} 32. Ne1 {[%clk 0:20:55]} Rxb2 {[%clk 0:02:27]} 33. Rxa7 {[%clk
0:21:22]} Re2 {[%clk 0:02:48]} 34. Nd3 {[%clk 0:21:36]} Rf7 {[%clk 0:02:19]} 35.
Ra6 {[%clk 0:11:41]} Rf6 {[%clk 0:01:36]} 36. Rd7 {[%clk 0:09:44]} Nf4 {[%clk
0:00:42]} 37. Ra8+ {[%clk 0:10:01]} 1-0

[Event "Greek Team Championship"]
[Site "chess24.com"]
[Date "2017.07.08"]
[Round "7"]
[White "Bellou, Nazareta"]
[Black "Tsouli, Rafailia"]
[Result "1/2-1/2"]
[Board "6"]
[WhiteElo "1165"]
[WhiteCountry "GRE"]
[WhiteFideId "25832522"]
[WhiteEloChange "5"]
[BlackElo "1353"]
[BlackCountry "GRE"]
[BlackFideId "25815296"]
[BlackEloChange "-5"]

1. e4 {[%clk 1:30:58]} e5 {[%clk 1:30:54]} 2. Nf3 {[%clk 1:31:22]} Nc6 {[%clk
1:31:15]} 3. Bc4 {[%clk 1:31:38]} Bc5 {[%clk 1:31:36]} 4. c3 {[%clk 1:31:59]} Nf6
{[%clk 1:31:43]} 5. d3 {[%clk 1:32:05]} d6 {[%clk 1:31:39]} 6. O-O {[%clk
1:32:24]} a6 {[%clk 1:31:07]} 7. a4 {[%clk 1:32:28]} h6 {[%clk 1:19:49]} 8. Re1
{[%clk 1:31:33]} O-O {[%clk 1:18:52]} 9. Nbd2 {[%clk 1:31:02]} Ne7 {[%clk
1:16:12]} 10. Nf1 {[%clk 1:30:09]} Ng6 {[%clk 1:16:27]} 11. Ng3 {[%clk 1:27:00]}
Nh7 {[%clk 0:59:04]} 12. d4 {[%clk 1:17:13]} exd4 {[%clk 0:53:16]} 13. cxd4
{[%clk 1:17:21]} Ba7 {[%clk 0:53:05]} 14. h3 {[%clk 1:11:30]} Ng5 {[%clk
0:46:37]} 15. Nxg5 {[%clk 0:59:10]} hxg5 {[%clk 0:46:58]} 16. Qh5 {[%clk
0:58:48]} Nf4 {[%clk 0:46:11]} 17. Bxf4 {[%clk 0:54:01]} gxf4 {[%clk 0:46:33]}
18. Ne2 {[%clk 0:53:21]} Qf6 {[%clk 0:44:53]} 19. e5 {[%clk 0:52:39]} Qf5 {[%clk
0:43:02]} 20. Qxf5 {[%clk 0:51:12]} Bxf5 {[%clk 0:43:23]} 21. exd6 {[%clk
0:49:02]} cxd6 {[%clk 0:43:40]} 22. d5 {[%clk 0:47:32]} g5 {[%clk 0:42:00]} 23.
Ra3 {[%clk 0:40:21]} Rac8 {[%clk 0:37:17]} 24. Bd3 {[%clk 0:39:52]} Bxd3 {[%clk
0:35:54]} 25. Rxd3 {[%clk 0:40:14]} Rc2 {[%clk 0:35:49]} 26. b3 {[%clk 0:38:32]}
Re8 {[%clk 0:35:39]} 27. Kf1 {[%clk 0:38:50]} Kg7 {[%clk 0:26:14]} 28. h4 {[%clk
0:28:42]} gxh4 {[%clk 0:20:31]} 29. Rf3 {[%clk 0:26:45]} Re5 {[%clk 0:16:25]} 30.
Nxf4 {[%clk 0:25:47]} Rxe1+ {[%clk 0:15:12]} 31. Kxe1 {[%clk 0:26:01]} Rc1+
{[%clk 0:12:51]} 32. Ke2 {[%clk 0:21:58]} Rc2+ {[%clk 0:11:00]} 1/2-1/2

[Event "Greek Team Championship"]
[Site "chess24.com"]
[Date "2017.07.08"]
[Round "7"]
[White "Patriki, Alexandra"]
[Black "Makrigianni, Eleni Iokasti"]
[Result "1-0"]
[Board "7"]
[WhiteElo "1202"]
[WhiteCountry "GRE"]
[WhiteFideId "25824490"]
[WhiteEloChange "6"]
[BlackElo "1047"]
[BlackCountry "GRE"]
[BlackFideId "25832565"]
[BlackEloChange "-6"]

1. e4 {[%clk 1:30:57]} e6 {[%clk 1:30:54]} 2. d4 {[%clk 1:31:23]} d5 {[%clk
1:31:18]} 3. Nd2 {[%clk 1:31:47]} Nf6 {[%clk 1:31:36]} 4. e5 {[%clk 1:32:05]}
Nfd7 {[%clk 1:31:51]} 5. f4 {[%clk 1:32:23]} c5 {[%clk 1:31:47]} 6. c3 {[%clk
1:32:27]} Nc6 {[%clk 1:31:25]} 7. Ndf3 {[%clk 1:31:53]} b6 {[%clk 1:28:17]} 8. g3
{[%clk 1:30:07]} Be7 {[%clk 1:26:06]} 9. Bd3 {[%clk 1:26:32]} O-O {[%clk
1:24:46]} 10. Kf2 {[%clk 1:24:17]} cxd4 {[%clk 1:22:30]} 11. cxd4 {[%clk
1:23:19]} Bb7 {[%clk 1:16:46]} 12. Kg2 {[%clk 1:02:48]} Rc8 {[%clk 1:12:04]} 13.
Bb1 {[%clk 0:54:17]} f6 {[%clk 1:07:17]} 14. Ne2 {[%clk 0:47:23]} Ba6 {[%clk
0:55:23]} 15. h3 {[%clk 0:41:56]} fxe5 {[%clk 0:51:22]} 16. fxe5 {[%clk 0:40:54]}
Bxe2 {[%clk 0:49:45]} 17. Qxe2 {[%clk 0:39:32]} Qe8 {[%clk 0:44:14]} 18. h4
{[%clk 0:36:25]} Qh5 {[%clk 0:44:14]} 19. Bf4 {[%clk 0:30:48]} Ndb8 {[%clk
0:25:42]} 20. a3 {[%clk 0:21:19]} Na5 {[%clk 0:22:58]} 21. Qd3 {[%clk 0:19:29]}
Nc4 {[%clk 0:20:09]} 22. Ra2 {[%clk 0:18:43]} a6 {[%clk 0:18:31]} 23. Bg5 {[%clk
0:15:26]} Rc7 {[%clk 0:13:40]} 24. Bxe7 {[%clk 0:14:16]} Rxe7 {[%clk 0:14:04]}
25. Ng5 {[%clk 0:13:56]} g6 {[%clk 0:12:25]} 26. b3 {[%clk 0:11:01]} Na5 {[%clk
0:12:02]} 27. Rf2 {[%clk 0:09:57]} Rxf2+ {[%clk 0:10:33]} 28. Kxf2 {[%clk
0:10:04]} Re8 {[%clk 0:09:06]} 29. Kg2 {[%clk 0:08:41]} b5 {[%clk 0:07:11]} 30.
Kh3 {[%clk 0:07:14]} Qh6 {[%clk 0:05:27]} 31. Rf1 {[%clk 0:06:51]} Qg7 {[%clk
0:04:48]} 32. Rf6 {[%clk 0:06:02]} Re7 {[%clk 0:00:45]} 33. Nxe6 {[%clk 0:05:11]}
1-0

[Event "Greek Team Championship"]
[Site "chess24.com"]
[Date "2017.07.08"]
[Round "7"]
[White "Berbatis, Antonios"]
[Black "Papadopoulos, Zisis"]
[Result "1/2-1/2"]
[Board "8"]
[WhiteElo "1702"]
[WhiteCountry "GRE"]
[WhiteFideId "25804677"]
[WhiteEloChange "5"]
[BlackElo "1881"]
[BlackCountry "GRE"]
[BlackFideId "4284895"]
[BlackEloChange "-5"]

1. e4 {[%clk 1:30:47]} c5 {[%clk 1:30:02]} 2. Nf3 {[%clk 1:30:58]} d6 {[%clk
1:30:26]} 3. d4 {[%clk 1:30:32]} cxd4 {[%clk 1:30:43]} 4. Nxd4 {[%clk 1:30:29]}
Nf6 {[%clk 1:31:07]} 5. Nc3 {[%clk 1:30:03]} a6 {[%clk 1:31:27]} 6. h3 {[%clk
1:30:08]} e6 {[%clk 1:31:51]} 7. g4 {[%clk 1:30:08]} d5 {[%clk 1:31:47]} 8. Bg2
{[%clk 1:29:01]} Bb4 {[%clk 1:30:10]} 9. exd5 {[%clk 1:28:53]} Nxd5 {[%clk
1:28:51]} 10. Ne2 {[%clk 1:28:40]} O-O {[%clk 1:27:29]} 11. O-O {[%clk 1:28:38]}
Nxc3 {[%clk 1:27:03]} 12. bxc3 {[%clk 1:27:01]} Be7 {[%clk 1:26:22]} 13. Qxd8
{[%clk 1:26:06]} Rxd8 {[%clk 1:26:45]} 14. Be3 {[%clk 1:26:08]} Nc6 {[%clk
1:23:31]} 15. Rab1 {[%clk 1:22:34]} e5 {[%clk 1:17:57]} 16. Rb6 {[%clk 1:13:52]}
Na5 {[%clk 1:14:52]} 17. Rfb1 {[%clk 0:59:11]} Nc4 {[%clk 1:07:53]} 18. R6b3
{[%clk 0:42:00]} Nxe3 {[%clk 1:06:29]} 19. fxe3 {[%clk 0:42:26]} Bc5 {[%clk
1:02:51]} 20. Kf2 {[%clk 0:42:00]} f5 {[%clk 0:51:48]} 21. gxf5 {[%clk 0:39:23]}
Bxf5 {[%clk 0:51:22]} 22. Rxb7 {[%clk 0:32:44]} Bxc2 {[%clk 0:43:46]} 23. Rg1
{[%clk 0:31:45]} Rf8+ {[%clk 0:42:45]} 24. Ke1 {[%clk 0:23:23]} Rad8 {[%clk
0:40:03]} 25. Nd4 {[%clk 0:19:39]} exd4 {[%clk 0:38:13]} 26. cxd4 {[%clk
0:19:52]} Ba3 {[%clk 0:37:22]} 27. Bf1 {[%clk 0:15:59]} Bg6 {[%clk 0:36:08]} 28.
Bxa6 {[%clk 0:15:25]} Rc8 {[%clk 0:35:51]} 29. Rg5 {[%clk 0:13:38]} Rc1+ {[%clk
0:29:35]} 30. Ke2 {[%clk 0:13:43]} Rc2+ {[%clk 0:27:04]} 31. Ke1 {[%clk 0:12:07]}
Bb2 {[%clk 0:17:39]} 32. Rc5 {[%clk 0:07:26]} Bc3+ {[%clk 0:13:27]} 33. Kd1
{[%clk 0:07:30]} Rd2+ {[%clk 0:11:18]} 34. Kc1 {[%clk 0:07:45]} Rc2+ {[%clk
0:11:00]} 35. Kd1 {[%clk 0:08:01]} Rd2+ {[%clk 0:03:00]} 36. Kc1 {[%clk 0:05:02]}
1/2-1/2

[Event "Greek Team Championship"]
[Site "chess24.com"]
[Date "2017.07.08"]
[Round "7"]
[White "Papadopoulos, Spyridonas"]
[Black "Tsotras, Ioannis"]
[Result "0-1"]
[Board "9"]
[WhiteElo "1365"]
[WhiteCountry "GRE"]
[WhiteFideId "25846469"]
[WhiteEloChange "-7"]
[BlackElo "1477"]
[BlackCountry "GRE"]
[BlackFideId "4269594"]
[BlackEloChange "7"]

1. e4 {[%clk 1:30:58]} e5 {[%clk 1:30:49]} 2. Nf3 {[%clk 1:31:26]} Nc6 {[%clk
1:31:11]} 3. d4 {[%clk 1:31:51]} exd4 {[%clk 1:31:36]} 4. Nxd4 {[%clk 1:31:58]}
Bc5 {[%clk 1:31:34]} 5. c3 {[%clk 1:31:56]} Nge7 {[%clk 1:29:14]} 6. Bc4 {[%clk
1:31:23]} O-O {[%clk 1:26:20]} 7. Bg5 {[%clk 1:29:37]} d6 {[%clk 1:20:37]} 8.
Nxc6 {[%clk 1:29:16]} bxc6 {[%clk 1:21:05]} 9. O-O {[%clk 1:29:04]} Kh8 {[%clk
1:18:29]} 10. a4 {[%clk 1:24:32]} a5 {[%clk 1:03:14]} 11. Re1 {[%clk 1:02:52]} f6
{[%clk 1:01:29]} 12. Bh4 {[%clk 0:59:39]} d5 {[%clk 0:59:42]} 13. exd5 {[%clk
0:57:17]} cxd5 {[%clk 0:59:53]} 14. Bd3 {[%clk 0:54:02]} Nf5 {[%clk 0:56:53]} 15.
Bg3 {[%clk 0:50:03]} Nxg3 {[%clk 0:56:15]} 16. hxg3 {[%clk 0:50:11]} Qd6 {[%clk
0:53:50]} 17. Qh5 {[%clk 0:47:24]} f5 {[%clk 0:52:54]} 18. Qh4 {[%clk 0:47:24]}
Ba6 {[%clk 0:48:02]} 19. Bxa6 {[%clk 0:34:11]} Qxa6 {[%clk 0:47:56]} 20. b4
{[%clk 0:24:50]} Bd6 {[%clk 0:44:29]} 21. Nd2 {[%clk 0:20:40]} Qd3 {[%clk
0:42:09]} 22. Nf3 {[%clk 0:12:54]} Qxc3 {[%clk 0:39:10]} 23. bxa5 {[%clk
0:12:06]} Qxa5 {[%clk 0:38:18]} 24. Ng5 {[%clk 0:10:14]} h6 {[%clk 0:37:16]} 25.
Re6 {[%clk 0:09:03]} Kg8 {[%clk 0:33:05]} 26. Nf3 {[%clk 0:03:16]} Qb4 {[%clk
0:27:26]} 27. Qh5 {[%clk 0:01:05]} Bc5 {[%clk 0:18:09]} 28. Rxh6 {[%clk 0:01:07]}
Bxf2+ {[%clk 0:09:17]} 29. Kh1 {[%clk 0:01:23]} gxh6 {[%clk 0:09:04]} 30. Qg6+
{[%clk 0:01:47]} Kh8 {[%clk 0:09:28]} 31. Qxh6+ {[%clk 0:02:08]} Kg8 {[%clk
0:09:51]} 32. Qg6+ {[%clk 0:02:32]} Kh8 {[%clk 0:10:10]} 33. Ng5 {[%clk 0:02:38]}
Qe7 {[%clk 0:10:00]} 34. Qh6+ {[%clk 0:01:39]} Kg8 {[%clk 0:10:22]} 35. Qg6+
{[%clk 0:00:48]} Qg7 {[%clk 0:10:21]} 36. Qe6+ {[%clk 0:01:00]} Kh8 {[%clk
0:10:01]} 37. Nf3 {[%clk 0:00:44]} Qxa1+ {[%clk 0:09:29]} 38. Kh2 {[%clk
0:00:49]} Rf6 {[%clk 0:09:29]} 0-1

[Event "Greek Team Championship"]
[Site "chess24.com"]
[Date "2017.07.08"]
[Round "7"]
[White "Makrygiannis, Ion Periandros"]
[Black "Karamitanis, Lazaros"]
[Result "0-1"]
[Board "10"]
[WhiteElo "1086"]
[WhiteCountry "GRE"]
[WhiteFideId "25853384"]
[WhiteEloChange "-10"]
[BlackElo "1087"]
[BlackCountry "GRE"]
[BlackFideId "25814770"]
[BlackEloChange "10"]

1. c4 {[%clk 1:30:57]} Nf6 {[%clk 1:30:55]} 2. Nc3 {[%clk 1:31:19]} g6 {[%clk
1:31:08]} 3. Nf3 {[%clk 1:31:37]} Bg7 {[%clk 1:31:16]} 4. g3 {[%clk 1:31:36]} d6
{[%clk 1:30:17]} 5. Bg2 {[%clk 1:31:25]} O-O {[%clk 1:30:01]} 6. O-O {[%clk
1:31:26]} e5 {[%clk 1:30:13]} 7. d3 {[%clk 1:30:34]} Nc6 {[%clk 1:25:34]} 8. Bg5
{[%clk 1:27:23]} Ne7 {[%clk 1:24:31]} 9. Re1 {[%clk 1:08:54]} Nd7 {[%clk
1:23:21]} 10. Nd5 {[%clk 1:08:29]} f6 {[%clk 1:22:58]} 11. Nxe7+ {[%clk 1:06:41]}
Qxe7 {[%clk 1:23:15]} 12. Be3 {[%clk 1:06:39]} f5 {[%clk 1:14:00]} 13. Rb1 {[%clk
1:04:43]} h6 {[%clk 1:02:40]} 14. Qd2 {[%clk 1:00:48]} g5 {[%clk 0:57:29]} 15.
Qc2 {[%clk 0:56:45]} Bf6 {[%clk 0:41:58]} 16. Red1 {[%clk 0:52:14]} f4 {[%clk
0:34:52]} 17. Bd2 {[%clk 0:48:49]} Qg7 {[%clk 0:28:29]} 18. Bb4 {[%clk 0:41:17]}
c5 {[%clk 0:28:29]} 19. Bd2 {[%clk 0:40:25]} h5 {[%clk 0:23:11]} 20. e3 {[%clk
0:37:05]} Nb6 {[%clk 0:20:25]} 21. Kh1 {[%clk 0:35:13]} g4 {[%clk 0:17:29]} 22.
Ne1 {[%clk 0:33:33]} f3 {[%clk 0:17:25]} 23. Nxf3 {[%clk 0:24:49]} gxf3 {[%clk
0:17:33]} 24. Bxf3 {[%clk 0:25:14]} Be7 {[%clk 0:15:09]} 25. Kg2 {[%clk 0:21:28]}
Bh3+ {[%clk 0:14:52]} 26. Kxh3 {[%clk 0:20:41]} Rxf3 {[%clk 0:15:13]} 27. Kg2
{[%clk 0:20:25]} Raf8 {[%clk 0:15:17]} 28. Rf1 {[%clk 0:20:32]} Qf7 {[%clk
0:14:26]} 29. Bc3 {[%clk 0:20:07]} h4 {[%clk 0:13:38]} 30. Qe2 {[%clk 0:18:32]}
h3+ {[%clk 0:12:36]} 31. Kg1 {[%clk 0:17:23]} Qh5 {[%clk 0:11:38]} 32. Be1 {[%clk
0:16:28]} Rxg3+ {[%clk 0:11:45]} 33. fxg3 {[%clk 0:14:44]} Qxe2 {[%clk 0:12:03]}
34. Rxf8+ {[%clk 0:14:41]} Bxf8 {[%clk 0:12:15]} 35. Bf2 {[%clk 0:15:03]} Bh6
{[%clk 0:12:11]} 36. Re1 {[%clk 0:15:01]} Qxb2 {[%clk 0:12:11]} 37. Rb1 {[%clk
0:15:12]} Qxa2 {[%clk 0:12:17]} 38. Re1 {[%clk 0:14:54]} Qc2 {[%clk 0:12:10]} 39.
Rf1 {[%clk 0:13:59]} Bxe3 {[%clk 0:12:14]} 40. g4 {[%clk 0:42:48]} Bxf2+ {[%clk
0:42:25]} 41. Rxf2 {[%clk 0:43:07]} Qxd3 {[%clk 0:42:29]} 0-1

[Event "Greek Team Championship"]
[Site "chess24.com"]
[Date "2017.07.08"]
[Round "7"]
[White "Balaskas, Nikolaos"]
[Black "Wieczorek, Oskar"]
[Result "0-1"]
[Board "1"]
[WhiteElo "2160"]
[WhiteCountry "GRE"]
[WhiteFideId "4201434"]
[WhiteEloChange "-3"]
[BlackElo "2462"]
[BlackTitle "IM"]
[BlackCountry "POL"]
[BlackFideId "1133950"]
[BlackEloChange "1"]

1. e4 {[%clk 1:30:55]} c5 {[%clk 1:26:40]} 2. Nc3 {[%clk 1:31:08]} e6 {[%clk
1:26:58]} 3. g3 {[%clk 1:31:01]} d5 {[%clk 1:27:10]} 4. exd5 {[%clk 1:31:26]}
exd5 {[%clk 1:27:34]} 5. Bg2 {[%clk 1:30:45]} Nf6 {[%clk 1:26:53]} 6. d3 {[%clk
1:30:37]} d4 {[%clk 1:24:34]} 7. Ne4 {[%clk 1:30:20]} Nxe4 {[%clk 1:24:42]} 8.
dxe4 {[%clk 1:30:43]} Nc6 {[%clk 1:23:45]} 9. Ne2 {[%clk 1:30:47]} Be7 {[%clk
1:19:47]} 10. O-O {[%clk 1:30:54]} O-O {[%clk 1:20:15]} 11. Nf4 {[%clk 1:29:54]}
Bd6 {[%clk 1:15:34]} 12. Re1 {[%clk 1:26:32]} Bxf4 {[%clk 1:15:00]} 13. Bxf4
{[%clk 1:26:53]} Be6 {[%clk 1:15:15]} 14. Qh5 {[%clk 1:22:50]} b6 {[%clk
1:10:56]} 15. e5 {[%clk 1:18:32]} Bd5 {[%clk 1:07:30]} 16. Bg5 {[%clk 1:17:42]}
Qd7 {[%clk 1:05:13]} 17. Bf6 {[%clk 1:17:16]} h6 {[%clk 1:00:18]} 18. Bxd5 {[%clk
0:54:40]} Qxd5 {[%clk 0:59:39]} 19. Qg4 {[%clk 0:52:15]} g6 {[%clk 1:00:08]} 20.
h4 {[%clk 0:48:04]} Qe6 {[%clk 0:57:34]} 21. Qe4 {[%clk 0:47:35]} Nb4 {[%clk
0:53:47]} 22. c3 {[%clk 0:34:27]} dxc3 {[%clk 0:46:08]} 23. bxc3 {[%clk 0:34:24]}
Nd5 {[%clk 0:46:37]} 24. Qf3 {[%clk 0:33:48]} Rfe8 {[%clk 0:46:05]} 25. Kh2
{[%clk 0:27:36]} Rac8 {[%clk 0:42:01]} 26. a4 {[%clk 0:11:48]} c4 {[%clk
0:38:47]} 27. Red1 {[%clk 0:08:25]} Rc5 {[%clk 0:36:07]} 28. Rd4 {[%clk 0:06:12]}
Nxf6 {[%clk 0:31:35]} 29. exf6 {[%clk 0:05:25]} Rf5 {[%clk 0:21:19]} 30. Rf4
{[%clk 0:05:16]} Qxf6 {[%clk 0:20:39]} 31. Rxf5 {[%clk 0:05:41]} Qxf5 {[%clk
0:21:07]} 32. Qxf5 {[%clk 0:05:53]} gxf5 {[%clk 0:21:36]} 33. a5 {[%clk 0:02:45]}
b5 {[%clk 0:19:30]} 34. a6 {[%clk 0:03:10]} Re6 {[%clk 0:19:11]} 35. Rb1 {[%clk
0:02:44]} Rb6 {[%clk 0:18:11]} 36. Kg2 {[%clk 0:03:10]} Kf8 {[%clk 0:16:08]} 37.
Kf3 {[%clk 0:03:28]} Ke7 {[%clk 0:14:29]} 38. Ke3 {[%clk 0:02:58]} Kd6 {[%clk
0:14:23]} 39. Kd4 {[%clk 0:03:25]} Kc6 {[%clk 0:14:31]} 40. Re1 {[%clk 0:31:33]}
Rxa6 {[%clk 0:43:43]} 41. Re5 {[%clk 0:30:09]} Ra1 {[%clk 0:36:37]} 42. Rxf5
{[%clk 0:29:40]} Rd1+ {[%clk 0:37:00]} 43. Ke4 {[%clk 0:29:47]} a5 {[%clk
0:32:26]} 44. Rf6+ {[%clk 0:27:03]} Rd6 {[%clk 0:32:47]} 45. Rxf7 {[%clk
0:27:28]} b4 {[%clk 0:32:56]} 46. Rf8 {[%clk 0:25:50]} b3 {[%clk 0:32:43]} 47.
Rb8 {[%clk 0:24:17]} Kc7 {[%clk 0:32:50]} 48. Rb5 {[%clk 0:24:03]} Rb6 {[%clk
0:32:58]} 0-1